Проблема політичної злочинності в зарубіжній кримінології (Запис № 571174)

МАРК-запис
000 -Лідер
fixed length control field 03033nam a22002417a 4500
003 - Ідентифікатор контрольного номера
control field UA-OsUOA
005 - Дата та час останнього входження (трансакції)
control field 20210809144128.0
008 - Елементи даних фіксованої довжини – загальна інформація
fixed length control field 210809b un ||||| |||| 00| 0 ukr d
040 ## - Джерело каталогізації
Агенція оригінальної каталогізації UA-OsUOA
Мова каталогізації ukr
Агенція, яка здійснювала перезапис UA-OsUOA
Агенція, яка здійснювала модифікацію UA-OsUOA
041 ## - Код мови
Код мови тексту/ звукової доріжки чи окремого заголовка (П) ukr
080 ## - Індекс Універсальної десяткової класифікації
Індекс Універсальної десяткової класифікації (УДК) (НП) 343.97
090 ## - Локальний шифр розміщення
Класифікаційний індекс УДК 343.97
095 ## - Код спеціальності для авторефератів
Код спеціальності 12.00.08
Назва спеціальності кримінальне право та кримінологія ; кримінально-виконавче право
100 ## - Основне введення – ім’я особи
Ім’я особи (НП) Маляр Г. В.
245 ## - Відомості про назву
Назва (НП) Проблема політичної злочинності в зарубіжній кримінології
Дані про відповідальність (НП) Маляр Ганна Василівна ; наук. керівник Музика Анатолій Ананійович
260 ## - Публікація, розповсюдження і т.п. (Вихідні дані)
Місце публікації, розповсюдження і т.п. (П) Київ
Дата публікації, розповсюдження і т.п. (П) 2010
300 ## - Фізичний опис
Обсяг 20 с.
502 ## - Примітка про дисертацію
Зв'язок Автореферат дисертації на здобуття наукового ступеня кандидата юридичних наук<br/>
Наймення інституції, що представляється Інститут держави і права ім. В. М. Корецького НАН України
Рік отримання вченого ступеня 2010
520 ## - Резюме і т.п.
Резюме, реферат, анотація, тощо (НП) Дисертація містить комплексний аналіз теоретичних проблем політичної злочинності в зарубіжній кримінології. Розглянуто питання місця політичної кримінології в загальній теорії кримінологічної науки. Зроблено висновок про те, що ступінь розробленості та обсяг знань про політичну злочинність дозволяє вважати її напрямом кримінологічної науки.<br/>В роботі проаналізовані основні причини виникнення, розповсюдження та трансформації політичної злочинності. Встановлено, що основною причиною політичних злочинів є конфлікт інтересів влади і населення держави. Запропоновано поділ політичних злочинів на: злочини у сфері внутрішньої політики та злочини у сфері зовнішньої політики. Сформульовано визначення поняття політичного злочину - це умисне суспільно небезпечне діяння, передбачене відповідними міжнародно-правовими актами та/або криміналізоване національним законодавством, що вчиняється з політичного мотиву і є однією з протиправних форм боротьби за владу в державі чи на міжнародному рівні.
650 ## - Додаткове предметне введення – тематичний термін
Джерело заголовка чи терміна UDC
Тематичний термін чи географічна назва, як елемент введення (НП) 343 Кримінальне право. Карні порушення
942 ## - Додаткові елементи входу (Коха)
Source of classification or shelving scheme Universal Decimal Classification
Тип елемента Koha Автореферат
955 ## - Код типу видання за змістом
Код типу видання за змістом (НП) Наукові видання

Немає доступних примірників.